| 000 | 01288nam a22002297a 4500 | ||
|---|---|---|---|
| 001 | 8752 | ||
| 003 | FISKH | ||
| 005 | 20251017090828.0 | ||
| 008 | 251017b cb ||||| |||| 00| 0 eng d | ||
| 020 | _a719531900900 | ||
| 040 |
_aFISKH _beng _cFISKH _dFISKH |
||
| 050 | _aPZ7 | ||
| 082 | _a372.465 | ||
| 100 | _aAnonymous | ||
| 245 | _aThe complete book of phonics / | ||
| 260 |
_aColumbus : _bChildren's Publishing, _c2003. |
||
| 300 |
_a351 pages : _bcolor illustrations ; _c28 cm |
||
| 520 | _aThe Complete Book of Phonics is a comprehensive learning resource designed to help children ages 4 to 9 develop strong reading and spelling foundations through phonics. The book introduces the basic relationships between letters and sounds, helping young learners decode words, improve pronunciation, and build vocabulary. It begins with simple concepts—such as identifying letters and their sounds—and gradually advances to more complex topics, including consonant blends, digraphs, long and short vowels, and word families. Each section includes colorful illustrations, fun exercises, and review pages to keep students engaged while reinforcing what they have learned. | ||
| 650 |
_aPhonics _vReading Literacy _xDecoding strategies |
||
| 942 |
_2ddc _cBK _n0 |
||
| 999 |
_c8752 _d8752 |
||